Manuel de philosophie : théodicée : critique : ontologie /
Obra en dos volúmenes disponibles en biblioteca: V. 1 Cosmología. Psicología racional; V. 2 Teodicea. Crítica. Ontología. Contenido del volumen dos: Teodicea: Conocimiento natural de Dios; La existencia de Dios; La naturaleza de Dios; Dios y el universo. Crítica del conocimiento: Los hechos de la ve...
Salvato in:
| Autore principale: | |
|---|---|
| Natura: | Libro |
| Lingua: | francese |
| Pubblicazione: |
Tournai, Bélgica :
Desclée de Brouwer,
1956, c1956
|
| Soggetti: | |
| Tags: |
Nessun Tag, puoi essere il primo ad aggiungerne!!
|
MARC
| LEADER | 00000nam^a2200000^a^4500 | ||
|---|---|---|---|
| 001 | 000260881 | ||
| 005 | 20250521000000.0 | ||
| 009 | 20260310110452.229 | ||
| 037 | |a Acervo Xavier Clavigero | ||
| 041 | |a FRA | ||
| 082 | |a 100. |b MUN V. 2 | ||
| 100 | |a Munier, André |e (autor) | ||
| 240 | 1 | 1 | |a [Manuel de philosophie] |
| 245 | 1 | 0 | |a Manuel de philosophie : |b théodicée : critique : ontologie / |
| 264 | 4 | |a Tournai, Bélgica : |b Desclée de Brouwer, |c 1956, c1956 | |
| 300 | |a 556 p. | ||
| 336 | |a texto |b txt |2 rdacontenido | ||
| 337 | |a sin mediación |b n |2 rdamedio | ||
| 338 | |a volumen |b nc |2 rdasoporte | ||
| 520 | |a Obra en dos volúmenes disponibles en biblioteca: V. 1 Cosmología. Psicología racional; V. 2 Teodicea. Crítica. Ontología. Contenido del volumen dos: Teodicea: Conocimiento natural de Dios; La existencia de Dios; La naturaleza de Dios; Dios y el universo. Crítica del conocimiento: Los hechos de la verdad; La posibilidad de la verdad; El criterio supremo. Ontología: El ser; Los seres. | ||
| 649 | |a XX | ||
| 650 | |a Dios - |x Existencia | ||
| 650 | |a Dios - |x Cognoscibilidad | ||
| 650 | |a Fe | ||
| 650 | |a Teodicea | ||
| 650 | |a Teología Filosófica | ||
| 650 | |a Ontología | ||
| 650 | |a Metafísica | ||
| 650 | |a Idealismo | ||
| 650 | |a Escepticismo | ||
| 650 | |a Verdad | ||
| 650 | |a Razonamiento | ||
| 650 | |a Intuición | ||
| 650 | |a Lógica | ||
| 650 | |a Epistemología | ||
| 650 | |a Filosofía - |x Generalidades - |x Tema Principal | ||
| 910 | |a Fondo General | ||
| 920 | |a Impresos - Libros | ||
| 930 | |a Colección General | ||
| 905 | |a 101 | ||
| 901 | |a 052621 |b IT1 |c ACC |u 20250521 | ||
| 902 | |a https://opac.biblio.iteso.mx/vufind/Record/000260881 | ||